000
00296nam a2200121Ia 4500
008
190216s9999||||xx |||||||||||||| ||und||
100
_a
Charles Dickens
245
2
_a
A Tale Of Two Cities
260
_b
Mac Millian And Com. Ltd
_c
1964
300
_a
153p
650
_a
English Stories
942
_c
BK
999
_c
12510
_d
12510